000 00435nam a2200169Ia 4500
008 230718s9999 xx 000 0 und d
020 _a9788185986234
041 _aeng
082 _a823
_bNAR
100 _aNarayan R.K.
245 _aMy Days
_bAutobiography
260 _c2006
_bIndian Thought Pub.
300 _a216
365 _cRs.
_b195.00
700 _aNarayan R.K.
906 _dO:0082427-Apr-2010B:385631-Mar-2010
_cGENRL
_b39
999 _c324820
_d324820